Multifunkčná športová hala

Salvato in:
Dettagli Bibliografici
Autore principale: Potkány, Ondrej (Autore)
Altri autori: Hanuliak, Peter (Relatore della tesi)
Natura: Manoscritto Libro
Lingua:slovacco
Pubblicazione: 2016
Soggetti:
Accesso online:http://is.stuba.sk/zp/portal_zp.pl?podrobnosti=117685
https://opac.crzp.sk/?fn=detailBiblioForm&sid=41728D440EB1EF6296101A8922FE
Tags: Aggiungi Tag
Nessun Tag, puoi essere il primo ad aggiungerne!!

MARC

LEADER 00000ntm a22000003a 4500
001 stuzp57369
003 SK-STU
005 20231004112122.7
007 ta
008 150427s2015----xo-----f-mn---000-0-slo-d
040 |a STU  |b slo 
041 0 |a slo 
100 1 |a Potkány, Ondrej  |u 010180  |4 aut  |U SvF Stavebná fakulta  |T SvF Katedra konštrukcií pozemných stavieb  |X 7704  |U V180  |Y 18  |7 A000007704 
242 0 1 |a Multifunctional sport hall  |y eng 
245 1 0 |a Multifunkčná športová hala 
260 |c 2016 
650 4 |a kubický tvar  |2 slo 
650 4 |a multifunkčný objekt  |2 slo 
650 4 |a športová hala  |2 slo 
650 4 |a sport hall  |2 eng 
650 4 |a cubic shape  |2 eng 
650 4 |a multifunctional building  |2 eng 
700 1 |a Hanuliak, Peter  |u 010180  |k Z1  |4 ths  |U SvF Stavebná fakulta  |T SvF Katedra konštrukcií pozemných stavieb  |X 11280  |U V180  |Y 18  |7 A000011280 
856 4 |u http://is.stuba.sk/zp/portal_zp.pl?podrobnosti=117685 
856 4 |u https://opac.crzp.sk/?fn=detailBiblioForm&sid=41728D440EB1EF6296101A8922FE 
SQL |a stuzp57369  |b DDP  |c SLO  |d Multifunkčná športová hala  |e 7704  |f Potkány, Ondrej  |g 010180  |h 11280  |i Hanuliak, Peter  |j 20160616  |k 8  |l 01  |m http://is.stuba.sk/zp/portal_zp.pl?podrobnosti=117685  |n I-AKP  |o 5.1.4. pozemné stavby